Farmaceutický prostriedok na transdermálne uvolňovanie inhibítora monoaminooxidázy B. A 61K 31/135

Bibliographic Details
Main Author: Szabó, Anna (Author)
Format: Book
Language:Undetermined
PhysicalDescription:5 s.
Published: Banská Bystrica Úrad priemyselného vlastníctva SR 1997

MARC

LEADER 00000nam a2200000 a 4500
001 vtls001318763
003 SK-MaSNL
005 20260301235441.0
008 240316sm y0 xo 0 und
035 |a SNK000271325 
040 |a SNK  |b slo  |c SNK  |e AACR2 
044 |a xo  |c SK 
100 1 |a Szabó, Anna  |4 aut  |9 632715 
245 1 |a Farmaceutický prostriedok na transdermálne uvolňovanie inhibítora monoaminooxidázy B. A 61K 31/135 
260 |a Banská Bystrica  |b Úrad priemyselného vlastníctva SR  |c 1997 
300 |a 5 s. 
999 |c 975083  |d 977013 
952 |t P60, <04>, [BOOK], {604}  |a SNK  |b SNK  |y VYP  |7 0  |p 17A0118667  |o snkSK 278666  |i snkPS 15/98  |0 0  |1 0  |4 0  |d 1998-01-30  |l 0  |r 2005-01-02 00:00:00  |w 2026-02-24